000 01107nam a22002535i 4500
001 168095
003 ES-MaACL
005 20250714063118.0
008 960702s1886 sp |||| | spa d
040 _aCLM
_bspa
_cCLM
100 1 _aFernández Izaguirre, Roque,
_dm. 1914
_eaut
_9148250
245 1 0 _aCríticas escénicas :
_bRafael Calvo /
_cRoque F. Yzaguirre.
260 _aMadrid :
_b[s.n.],
_c1886
_f(Tip. de Manuel G. Hernández)
300 _a39 páginas ;
_c20 cm.
530 _aDisponible en formato digital
597 _aAntep.
600 1 4 _aCalvo, Rafael,
_d1842-1888
_9148251
852 _aES-MaACL
_cDEPOF
_eEjemplar falto de cub. original
_fSello del Ministerio de Fomento
_hDonativo del Ministerio de Fomento
_jT-736-F-6
_xEnc. en un vol. facticio
_xHolandesa
852 _aES-MaACL
_cDEPO2
_hDonativo Roda
_jL-4902(9-1)
_xHolandesa
856 _uhttps://bvpb.mcu.es/es/consulta/registro.do?id=485674
_yVersión en línea
_z(Biblioteca Virtual del Patrimonio Bibliográfico (BVPB))
942 _2udc
_cFOLLETOS
_n0
999 _c168095
_d168095